000 nam a22 7a 4500
999 _c9182
_d9182
008 180123b ||||| |||| 00| 0 eng d
100 _aGupta.S.K.etal.
_95443
245 _aGeneral Knowledge Today-3
260 _aNew Delhi
_bS.K.etal.
_c2008